LDR 00698naa#a2200169#i#450# 001 EN\\bibl\121844 005 20260629055836.1 011 ## _a2658-638X 100 ## _a20251215b2025####ek#y0engy0150####ca 102 ## _aRU 200 1# _aCounteraction of children’s homelessness and neglect during the Great Patriotic War _eJournal article 210 1# _aMoscow _cMoscow University of the Ministry of Internal Affairs of Russia named after V.Ya. Kikot _d2025 215 ## _a4 с. 608 ## _aJournal article _2local 675 ## _aНародное образование. Воспитание. Обучение. Организация досуга. 37 _z 700 #1 _aKalinina _gSvetlana Viktorovna 856 4# _amosumvd.editorum.ru _u